Problemas y políticas de la educación básica

Saved in:
Bibliographic Details
Corporate Authors: Secretaría de Educación Pública (Author), SEP (Author)
Format: Book
Language:Spanish
Published: Ciudad de México SEP 2000
Series:Programa y Materiales de Apoyo para el Estudio 1er Semestre
Subjects:
Tags: Add Tag
No Tags, Be the first to tag this record!

MARC

LEADER 00000nam a2200000 a 4500
001 UCN6739
003 CL-VaPUC
008 011005e20000000MX |||||||||||||||||spa|d
082 0 4 |a 372.12  |b SEC  |2 21 
110 2 |a Secretaría de Educación Pública  |e author  |9 462528 
710 2 |a SEP  |e author  |9 462529 
245 1 0 |a Problemas y políticas de la educación básica 
300 |a 142 p 
942 |c BK 
945 |d 20011005 00:00:00  |a cmena 
260 |a Ciudad de México  |b SEP  |c 2000 
500 |a Programa para la Transformación y el Fortalecimiento Académicos de las Escuelas Normales 
500 |a Licenciatura en Educación Secundaria 
650 0 |a Educación básica   |9 224933 
650 0 |a Gestión educacional   |9 261035 
650 0 |a Estado y educación   |9 311264 
650 0 |a Igualdad de oportunidades  |9 331873 
650 0 |a Calidad de la educación   |9 307271 
583 |a last modification  |c 20011005 00:00:00  |k Rodrigo Vera 
490 0 |a Programa y Materiales de Apoyo para el Estudio 1er Semestre 
999 |c 297422  |d 297420 
952 |0 0  |1 0  |4 0  |6 372_120000000000000_SEC_2000  |7 0  |8 A  |9 352141  |a BIBEDU  |b BIBEDU  |d 2019-11-21  |i 3758796  |o 372.12 SEC 2000  |p 3758796  |r 2019-11-21  |w 2019-11-21  |y BK  |k EPE